000 00486nam a2200157Ia 4500
008 190426s9999 xx 000 0 und d
020 _a9781259922145
100 _aSantrock, John W.--
245 _cJohn W. Santrock.--
_aEducational psychology /
250 _a6th ed
260 _aNew York :
_bMcGraw- Hill
_c2018
300 _axxxvi, 568 pages.
500 _aIncludes bibliographical references and index.
650 _aEducational psychology.
650 _aLearning, Psychology of.
999 _c361690
_d361690